Gestionando el riesgo en un nuevo mundo (Registro nro. 10933)

Detalles MARC
000 -LEADER
fixed length control field 00426 a2200145 4500
001 - CONTROL NUMBER
control field ART_14882
005 - DATE AND TIME OF LATEST TRANSACTION
control field 20260410161614.0
008 - FIXED-LENGTH DATA ELEMENTS--GENERAL INFORMATION
fixed length control field 260409a
100 1# - MAIN ENTRY--PERSONAL NAME
Personal name Kaplan, Robert S.
245 10 - TITLE STATEMENT
Title Gestionando el riesgo en un nuevo mundo
700 1# - ADDED ENTRY--PERSONAL NAME
Personal name Simons, Robert
700 1# - ADDED ENTRY--PERSONAL NAME
Personal name Mikes, Anette
700 1# - ADDED ENTRY--PERSONAL NAME
Personal name Tufano, Peter
773 0# - HOST ITEM ENTRY
Title Harvard Business Review
Related parts Riesgo - Vol. 87. Nº 10 (oct. 2009)
Record control number REV340

No hay ítems disponibles.